000 00531nam a22001695i 4500
001 171641
003 ES-MaACL
005 20230906214703.0
008 090525s1958 sp |||| | spa d
080 _a930.1(04)
100 1 _aSoldevilla, Diego.
_9140310
245 1 3 _aEl ser uno-trino ; La historia como ontologĂ­a ; La ciudad mundial /
_cDiego Soldevilla.
260 _aMadrid :
_b[Inst. Edit. Reus],
_c1958.
300 _a542 p. ;
_c23 cm.
650 4 _aHistoria-
_xFilosofĂ­a.
_913380
852 _aES-MaACL
_jC-16046
_9R.43695
999 _c171641
_d171641